Populační atlas českých zemí
Enregistré dans:
| Format: | Livre |
|---|---|
| Langue: | tchèque |
| Publié: |
Praha
Žikeš
1946
|
| Tags: |
Pas de tags, Soyez le premier à ajouter un tag!
|
MARC
| LEADER | 00000nam a2200000 4500 | ||
|---|---|---|---|
| 001 | 0268998 | ||
| 005 | 20240822101714.0 | ||
| 041 | 0 | |a cze | |
| 044 | |a -CS | ||
| 245 | 1 | 0 | |a Populační atlas českých zemí |c Vladimír Srb, Jaroslav Šebesta |
| 264 | 1 | |a Praha |b Žikeš |c 1946 | |